01499nam a2200349 a 4500001001200000003000800012006001900020007001500039008004100054010001700095020002800112020003500140040002100175035002100196050002200217082002200239100001800261245011900279260006400398300001100462490004700473504006600520533015200586650004100738650004500779650004400824650006500868655002900933710001700962830004400979856012601023ebr10019118CaPaEBRm u cr cn|||||||||920331s1993 nyu sb 001 0 eng  z 92013356  z0791412555 (alk. paper) z0791412563 (pbk. : alk. paper) aCaPaEBRcCaPaEBR a(OCoLC)61467815214aGF27b.B69 1993eb04a304.2/071/0732201 aBowers, C. A.10aEducation, cultural myths, and the ecological crisish[electronic resource] :btoward deep changes /cC.A. Bowers. aAlbany, N.Y. :bState University of New York Press,cc1993. a232 p.1 aSUNY series in the philosophy of education aIncludes bibliographical references (p. [219]-228) and index. aElectronic reproduction.bPalo Alto, Calif. :cebrary,d2013.nAvailable via World Wide Web.nAccess may be limited to ebrary affiliated libraries. 0aEnvironmental ethicszUnited States. 0aEducational anthropologyzUnited States. 0aEnvironmental educationzUnited States. 0aEnvironmental protectionxStudy and teachingzUnited States. 7aElectronic books.2local2 aebrary, Inc. 0aSUNY series in philosophy of education.40uhttp://site.ebrary.com/lib/rucke/Doc?id=10019118zAn electronic book accessible through the World Wide Web; click to view